<Die> wirtschaftliche Entwicklung in der Bundesrepublik Deutschland 1950-1989

Salvato in:
Dettagli Bibliografici
Autore principale: Glastetter, Werner
Altri autori: Högemann, Günter, Marquardt, Ralf
Natura: Libro
Lingua:tedesco
Pubblicazione: Frankfurt am Main Campus 1991
Edizione:1. Aufl.
Soggetti:
Tags: Aggiungi Tag
Nessun Tag, puoi essere il primo ad aggiungerne!!

MARC

LEADER 00000nam a2200000 4500
001 c010974
005 20221206115020.1
020 |a 3-593-34588-9 
041 0 |a ger 
044 |a DE 
245 1 0 |a <Die> wirtschaftliche Entwicklung in der Bundesrepublik Deutschland 1950-1989  |c Werner Glastetter, Günter Högemann, Ralf Marquardt 
250 |a 1. Aufl. 
264 1 |a Frankfurt am Main  |b Campus  |c 1991 
300 |a 464 s. 
610 2 0 |a rozvoj hospodársky 
610 2 0 |a história 
610 2 0 |a dejiny hospodárske 
610 2 0 |a porovnanie medzinárodné 
610 2 0 |a zmeny štruktúrne 
610 2 0 |a Nemecko 
610 2 0 |a 1950-1989 
100 1 |a Glastetter, Werner 
700 1 |a Högemann, Günter 
700 1 |a Marquardt, Ralf